000 00687nam a2200253Ia 4500
003 OSt
005 20220918195335.0
006 a|||||r|||| 00| 0
007 ta
008 220917b |||||||| |||| 00| 0 eng d
024 _a84,672
037 _cTextual
040 _aARTS
_cARTS
_beng
041 _2eng
_aeng
082 _aSN06xM75, M3
100 _aEogenson George B.
_990086
245 0 _aJung's struggle with Freud
260 _aLondon
_bUniversity of Notre Dame Press
_c1983
300 _axi, 180p
_ccm.
500 _aBibliography p 175--177
650 _aPSYCHOLOGY
942 _hSN06xM75, M3
_cTEXL
_2CC
999 _c208386
_d208386